| 000 | 00405nam a22001577a 4500 | ||
|---|---|---|---|
| 003 | NUST - PNEC | ||
| 005 | 20170116181121.0 | ||
| 008 | 151005b xxu||||| |||| 00| 0 eng d | ||
| 040 | _cLIBRARY | ||
| 082 | _a629.831 ELG | ||
| 100 |
_97799 _a Elgerd, Olle Ingemar |
||
| 245 |
_aControl systems theory _cElgerd, Olle Ingemar |
||
| 260 | _c1967 | ||
| 650 |
_911503 _aControl theory _xEL |
||
| 942 |
_2ddc _cBK |
||
| 999 |
_c69575 _d69575 |
||